000 00684nam a2200205Ia 4500
003 OSt
005 20260622143801.0
008 210210b1997 xxu||||| |||| 00| 0 eng d
040 _cAL
041 _aKannada
082 _aK894.9 RAGS
100 _aRAGHUNATHARAV (D)
_dರಘುನಾಥರಾವ್ (ಡಿ)
_9200398
245 _aSammukha: Vimarsha Sankalana
_bಸಮ್ಮುಖ: ವಿಮರ್ಶ ಸಂಕಲನ
260 _aAnkola
_bShri Raghavendra Prakashana
_c1997
300 _aiv,86
650 _aPanje Adiga Dakshina Kannadada Sannakategalu Masti Rangammana Vathara Kademgodlu
_9200399
690 _aKannada Criticism
_9200400
906 _a054141
942 _2ddc
_cBK
999 _c101995
_d101995